书目信息 |
| 题名: |
普通化学简明教程
|
|
| 作者: | 李聚源 , 张耀君 主编 | |
| 分册: | ||
| 出版信息: | 北京 化学工业出版社 2005.07 |
|
| 页数: | 239页 | |
| 开本: | 26cm | |
| 丛书名: | ||
| 单 册: | ||
| 中图分类: | O6 | |
| 科图分类: | ||
| 主题词: | 普通化学--pu tong hua xue--高等学校--教材 | |
| 电子资源: | ||
| ISBN: | 7-5025-7235-X | |
| 000 | 00860nam0 2200253 450 | |
| 001 | 012006242266 | |
| 005 | 20060313132441.35 | |
| 010 | @a7-5025-7235-X@dCNY26.00 | |
| 100 | @a20060313d2005 km y0chiy0120 ea | |
| 101 | 0 | @achi |
| 102 | @aCN@b110000 | |
| 105 | @aa a 000yy | |
| 200 | 1 | @a普通化学简明教程@Apu tong hua xue jian ming jiao cheng@f李聚源, 张耀君主编@Fli ju yuan,zhang yao jun zhu bian |
| 210 | @a北京@c化学工业出版社@d2005.07 | |
| 215 | @a239页@c图@d26cm | |
| 300 | @a高等学校教材 | |
| 320 | @a有书目。 | |
| 330 | @a本书介绍了化学基本理论和化学热力学基础、化学反应速率、化学平衡、离子平衡、电化学、原子结构、化学键等。 | |
| 606 | 0 | @a普通化学@Apu tong hua xue@x高等学校@x教材 |
| 690 | @aO6@v4 | |
| 701 | 0 | @a李聚源@Ali ju yuan@4主编 |
| 701 | 0 | @a张耀君@Azhang yao jun@4主编 |
| 801 | 0 | @aCN@bQSSK@c20060313 |
| 905 | @a10447@dO6@eL188 | |
| 普通化学简明教程/李聚源, 张耀君主编.-北京:化学工业出版社,2005.07 |
| 239页:图;26cm |
| 高等学校教材 |
| ISBN 7-5025-7235-X:CNY26.00 |
| 本书介绍了化学基本理论和化学热力学基础、化学反应速率、化学平衡、离子平衡、电化学、原子结构、化学键等。 |
| ● |
| 相关链接 |
|
|
|
正题名:普通化学简明教程
索取号:O6/L188
 
预约/预借
| 序号 | 登录号 | 条形码 | 馆藏地/架位号 | 状态 | 备注 |
| 1 | 555871 | 205558715 | 自科库401/401自科库 90排2列4层/ [索取号:O6/L188] | 在馆 | |
| 2 | 555872 | 205558724 | 自科库401/401自科库 90排2列4层/ [索取号:O6/L188] | 在馆 | |
| 3 | 555873 | 205558733 | 自科库401/401自科库 90排2列4层/ [索取号:O6/L188] | 在馆 |